000 01154nam a2200361 c 4500
999 _c50978
_d50978
001 50978
003 ES-MaCES
005 20181008131120.0
008 181005s2018 sp o000 ||spa d
017 _aGR 1102-2018
_bDL
020 _a9788490457160
040 _aES-MaCES
_bspa
_cES-MaCES
245 1 0 _aManual de Derecho del trabajo
_cJosé Luis Monereo Pérez ... [et al.]
250 _a16ª ed
260 _aGranada
_bComares
_c2018
300 _aXXIV, 733 p.
_c24 cm
490 1 _aBiblioteca Comares de ciencia jurídica
490 1 _aComares manuales
541 _cCompra
650 4 _aderecho del trabajo
_927165
650 4 _anegociación colectiva
_928362
650 4 _arelaciones laborales
_928369
650 4 _acondiciones de trabajo
_928327
650 4 _aEspaña
_926964
650 4 _amanual
_929264
653 1 0 _aDerecho del trabajo y Seguridad Social
700 1 _aMonereo Pérez, José Luis
_918830
775 0 _tManual de Derecho del trabajo
_w(ES-MaCES)48511
830 0 _932174
_aBiblioteca Comares de ciencia jurídica
830 0 _934411
_aComares manuales
902 _aLIB Libro
942 _2CES
_cBK
_h6.0.1.